000 00909cam a22003255a 4500
001 16762415
003 OSt
005 20140410092307.0
008 110504s2010 nyua j 000 1 eng
010 _a 2011411508
020 _a9780545227735
040 _aDLC
_cDLC
042 _alcac
_apcc
050 _aPZ 7
_b.St857My 2010
100 _aStilton, Geronimo
130 0 _aMistero a Parigi.
_lEnglish.
_926227
245 1 0 _aThea Stilton and the mystery in Paris /
_cGeronimo Stilton
260 _aNew York :
_bScholastic,
_cc2010.
300 _a157 p. :
_bcol. ill. ;
_c20 cm.
500 _aAt head of title: Geronimo Stilton.
521 _aG4
526 _c650
562 _e1
700 1 _aAbagnale, Maria,
_d1984-
_eill.
_926228
700 1 _aHeim, Julia.
_926229
906 _a0
_bibc
_corignew
_d2
_encip
_f20
_gy-gencatlg
942 _2lcc
_cBK
999 _c34120
_d34120